000 00725nam a2200217Ia 4500
001 5239
003 GE_BSU
008 181216s||||||||xx |||||||||||||| ||und||
040 _cGE_BSU
080 _a514.18(075.8)
100 _aАрустамов, Х. А.
245 _aСборник задач по начертательной геометрии с решениями типовых задач
245 _bУчебное пособие для вузов
250 _aизд. 6-ое
260 _aМосква
260 _bМашиностроение
260 _c1964
300 _a375 с. 27 см.
653 _aСборник задач по начертательной геометрии
942 _cBK
999 _c38831
_d38831